000 00749cam a22002533a 4500
001 18286
003 PGUSA
005 20140828083405.0
008 060430s2006||||xxu|||||s|||||000 1 eng d
040 _aPGUSA
_beng
042 _adc
050 4 _aPS
100 1 _aGlasgow, Ellen Anderson Gholson,
_d1873-1945
245 1 4 _aThe Miller Of Old Church
_h[electronic resource] /
_cEllen Anderson Gholson Glasgow
260 _bProject Gutenberg,
_c2006
506 _aPublic domain in the USA.
516 _aElectronic text
653 _aYoung women -- Fiction
653 _aIllegitimacy -- Fiction
653 _aSouthern States -- Fiction
830 0 _aProject Gutenberg
_v18286
856 4 0 _uhttp://www.gutenberg.org/ebooks/18286
942 _cEB
999 _c247541
_d247541